Poisson ou non - Mort subite - Statistiques

Statistiques générales
  • Ce quiz a été pris 826 fois
  • Le résultat moyen est 8 sur 25
Answers on the Grid
Answers color-coded by a green-red scale on the quiz's grid according to % correct below.
Sabot
Verrin
Manche
Huissier
Futon
Borne
Louis
Soupe
Carde
Berlingot
Brelan
Briquet
Trombe
Benoîte
Grison
Colifichet
Saumure
Poudre
Loubar
Berne
Chapon
Grenadier
Dragonnet
Brochet
Billard
Barbue
Baliste
Vive
Vieille
Sabre
Perche
Ombre
Mulet
Meunier
Marbré
Maigre
Bar
Loup
Turbot
Lieu
Merlan
Merlu
Aiglefin
Bogue
Goret
 
Statistiques - réponses
Réponse % Correct
Bar
75%
Merlan
64%
Merlu
64%
Loup
63%
Brochet
62%
Lieu
57%
Perche
56%
Turbot
53%
Vive
41%
Mulet
38%
Barbue
36%
Aiglefin
34%
Ombre
31%
Sabre
30%
Maigre
26%
Vieille
25%
Baliste
20%
Meunier
16%
Chapon
12%
Grenadier
12%
Marbré
10%
Dragonnet
7%
Bogue
6%
Billard
3%
Goret
3%
Aucun quiz correspondant
Distribution des résultats
% des personnes avec chaque résultat
Percentile par nombre de réponses
Votre historique - résultats
Vous n’avez pas pris ce quiz